000 00717nam a2200253Ia 4500
003 OSt
005 20220918165713.0
006 a|||||r|||| 00| 0
007 ta
008 220917b |||||||| |||| 00| 0 eng d
020 _a8170367050 (hbk)
024 _a156,015
037 _cTextual
040 _aARTS
_cARTS
_beng
041 _2eng
_aeng
082 _aY15:7:7.2, N8
100 _aLlewellyn J. E.
_925199
245 0 _aLegacy of women's uplift in India
_b contemporary women leaders in the Arya Samaj
260 _aNew Delhi
_bSage Publications
_c1998
300 _a225p.
_ccm.
650 _aSOCIOLOGY
942 _hY15:7:7.2, N8
_cTEXL
_2CC
999 _c130777
_d130777